|
|
|
|
| LEADER |
01031nam a2200313 4500 |
| 001 |
DLU090078280 |
| 005 |
##20090619 |
| 040 |
# |
# |
|a DLU
|b eng
|
| 041 |
# |
# |
|a eng
|
| 044 |
# |
# |
|a UK
|
| 100 |
# |
# |
|a Cuervo, Jose Javier.
|
| 245 |
# |
# |
|a Experimental manipulation of tail length in female barn swallows (Hirundo rustica) affects their future reproductive success /
|c Jose Javier Cuervo, Anders Pape Moller, Florentino de Lope.
|
| 653 |
# |
# |
|a External tail feathers
|
| 653 |
# |
# |
|a Life history
|
| 653 |
# |
# |
|a Reproductive success
|
| 653 |
# |
# |
|a Sexual selection
|
| 653 |
# |
# |
|a Tail length manipulation
|
| 700 |
# |
# |
|a Lope, Florentino de.
|
| 700 |
# |
# |
|a Moller, Anders Pape.
|
| 773 |
# |
# |
|t Behavioral Ecology
|g Vol. 14, no. 4 (July 2003), p. 451-456
|
| 920 |
# |
# |
|a Phòng Tạp chí -- Trung tâm Thông tin - Thư viện Trường Đại học Đà Lạt
|
| 994 |
# |
# |
|a DLU
|
| 900 |
# |
# |
|a True
|
| 911 |
# |
# |
|a Trương Bảo Trâm Anh
|
| 925 |
# |
# |
|a G
|
| 926 |
# |
# |
|a A
|
| 927 |
# |
# |
|a BB
|
| 980 |
# |
# |
|a Thư viện Trường Đại học Đà Lạt
|